Topografía y proyectos de urbanización /

-д хадгалсан:
Номзүйн дэлгэрэнгүй
Үндсэн зохиолч: Berné Valero, José Luis (autor)
Бусад зохиолчид: Fernández Montero, Javier (autor) (autor)
Формат: Ном
Хэл сонгох:испани
Хэвлэсэн: Valencia, España : Universidad Politécnica de Valencia, 1995, c1995
Нөхцлүүд:
Шошгууд: Шошго нэмэх
Шошго байхгүй, Энэхүү баримтыг шошголох эхний хүн болох!

MARC

LEADER 00000nam^a2200000^a^4500
001 000053070
005 20250521000000.0
009 20260310090420.683
037 |a Acervo ITESO - Biblioteca 
041 |a ESP 
082 |a 526. 92  |b BER 
100 |a Berné Valero, José Luis  |e (autor) 
245 1 0 |a Topografía y proyectos de urbanización /  |c J.L. Berné Valero, Javier Fernández Montero. 
264 4 |a Valencia, España :  |b Universidad Politécnica de Valencia,  |c 1995, c1995 
300 |a 157, 37 p. 
336 |a texto  |b txt  |2 rdacontenido 
337 |a sin mediación  |b n  |2 rdamedio 
338 |a volumen  |b nc  |2 rdasoporte 
649 |a XX 
650 |a Topografía 
650 |a Geotecnia 
650 |a Ingeniería Civil 
650 |a Cartografía 
650 |a Desarrollo Urbano 
650 |a Zonificación Urbana 
650 |a Planeación Urbana 
650 |a Urbanismo -  |z España 
700 |a Fernández Montero, Javier  |e (autor) 
910 |a Fondo General 
920 |a Impresos - Libros 
930 |a Colección General 
905 |a 101 
901 |a 0500010808  |b IT1  |c ACC  |u 20250521 
902 |a https://opac.biblio.iteso.mx/vufind/Record/000053070